THE OCEAN'S HEARTBEAT / (Record no. 204152)

MARC details
000 -LEADER
fixed length control field 02567nam a2200313 i 4500
003 - CONTROL NUMBER IDENTIFIER
control field OSt
005 - DATE AND TIME OF LATEST TRANSACTION
control field 20260511113943.0
008 - FIXED-LENGTH DATA ELEMENTS--GENERAL INFORMATION
fixed length control field 260511s2025 nyua ar 000 1 eng d
020 ## - INTERNATIONAL STANDARD BOOK NUMBER
International Standard Book Number 9780241715307
Terms of availability RM 54.95
Qualifying information paperback
040 ## - CATALOGING SOURCE
Original cataloging agency PPAK
Language of cataloging eng
Transcribing agency PPAK
Description conventions rda
082 04 - DEWEY DECIMAL CLASSIFICATION NUMBER
Edition number 23
Classification number 823.92
090 00 - LOCALLY ASSIGNED LC-TYPE CALL NUMBER (OCLC); LOCAL CALL NUMBER (RLIN)
Classification number (OCLC) (R) ; Classification number, CALL (RLIN) (NR) 823.92
Feature heading TAU
Feature heading K
100 1# - MAIN ENTRY--PERSONAL NAME
Personal name Taube, Anna,
Dates associated with a name 1976-
Relator term author.
245 10 - TITLE STATEMENT
Title THE OCEAN'S HEARTBEAT /
Statement of responsibility, etc. Concept and illustrated by dame & dusa ; Translated into English from the German text by Anna Taube.
246 34 - VARYING FORM OF TITLE
Title proper/short title Ocean's heartbeat :
Remainder of title the story of a jellyfish in search of a heart
264 #1 - PRODUCTION, PUBLICATION, DISTRIBUTION, MANUFACTURE, AND COPYRIGHT NOTICE
Place of production, publication, distribution, manufacture London :
Name of producer, publisher, distributor, manufacturer Dorling Kindersley Limited,
Date of production, publication, distribution, manufacture, or copyright notice 2025
300 ## - PHYSICAL DESCRIPTION
Extent 1 volume (unpaged) :
Other physical details chiefly colour illustrations ;
Dimensions 26 cm
336 ## - CONTENT TYPE
Content type term text
Source rdacontent
337 ## - MEDIA TYPE
Media type term unmediated
Source rdamedia
338 ## - CARRIER TYPE
Carrier type term volume
Source rdacarrier
500 ## - GENERAL NOTE
General note English translation: First Edition Translations
General note The story of a jellyfish in search of a heart --Cover
520 ## - SUMMARY, ETC.
Summary, etc. This picture book for young children is about the beauty of every heart and celebrating your own uniqueness. The Ocean's Heartbeat is a joyous, read-aloud picture book about the uniqueness of every creature's heart for children aged 3-5. Packed with fascinating scientific knowledge, including extra pages about the unique hearts of more amazing creatures, this engaging book shows the incredible diversity of life on Earth and encourages everyone to love how they are different and to celebrate being themselves. This magical picture book for children offers: A whimsical and entertaining narrative that can be shared between parents/caregivers and children ; Beautiful, atmospheric collage-style artwork that captures the magic of the jellyfish's journey to find a mysterious heartbeat ; An important story that celebrates the diversity of living creatures and encourages children to value their own uniqueness. In the depths of the sea, a jellyfish hears a loud THOOMP. What is this mysterious sound? A wise fish explains that the THOOMP is a heartbeat. The jellyfish listens to the wise fish's soft heartbeat but sadly realizes she has no heartbeat herself, so she swims off to search for it. Along the way, she meets various creatures and learns about their heartbeats, from the seal to the whale to the octopus with three hearts! But why can't she hear her own?
650 10 - SUBJECT ADDED ENTRY--TOPICAL TERM
Topical term or geographic name entry element Jellyfishes
Form subdivision Juvenile fiction.
Topical term or geographic name entry element Marine animals
Form subdivision Juvenile fiction.
655 #7 - INDEX TERM--GENRE/FORM
Genre/form data or focus term Picture books for children
710 2# - ADDED ENTRY--CORPORATE NAME
Corporate name or jurisdiction name as entry element dame & dusa,
Relator term illustrator.
942 ## - ADDED ENTRY ELEMENTS (KOHA)
Source of classification or shelving scheme Dewey Decimal Classification
Koha item type Book
Holdings
Withdrawn Not for loan Current library Shelving location Date acquired Total Checkouts Full call number Barcode Date last seen Koha item type
    Perpustakaan Alor Setar Pinjaman Kanak-kanak 12/05/2026   K 823.92 TAU A01916418 12/05/2026 Book